| 000 | 00874cam a2200241 a 4500 | ||
|---|---|---|---|
| 005 | 20170504020001.0 | ||
| 008 | 910315s1990 ck ab b 000 0 spa | ||
| 020 | _a9589129110 | ||
| 040 |
_aDLC _cDLC _dCO-BoIAVH |
||
| 041 | 0 | _aspa | |
| 044 | _ack | ||
| 082 | 0 | 0 |
_a986.1 _bC27c |
| 245 | 0 | 0 |
_aCaribe, Colombia / _c[dirección general del proyecto, Antonio Hernández Gamarra] |
| 250 | _a1. ed. | ||
| 260 |
_aBogotá : _bFondo Fen Colombia, _c1990. |
||
| 300 |
_axxiii, 264 páginas : _bilustraciones (algunas a color), mapas ; _c34 x 25 cm. |
||
| 504 | _aIncluye referencias bibliográficas (páginas [260]-261). | ||
| 650 | 6 |
_aHistoria natural _zColombia _zCosta Atlántica. |
|
| 651 | 4 |
_aCosta Atlántica (Colombia) _xDescripciones y viajes. |
|
| 700 | 1 | _aHernández Gamarra, Antonio. | |
| 710 | 2 | _aFondo FEN Colombia. | |
| 942 |
_2ddc _cLIBRO _01 |
||
| 999 |
_c365 _d365 |
||